ბათუმის შოთა რუსთაველის სახელმწიფო უნივერსიტეტის ბიბლიოთეკა

Public relations : (ბიბ.ჩანაწერი № 36338)

000 -LEADER
fixed length control field 01108cam a2200301 a 4500
001 - CONTROL NUMBER
control field 14994351
005 - DATE AND TIME OF LATEST TRANSACTION
control field 20221116103835.0
008 - FIXED-LENGTH DATA ELEMENTS--GENERAL INFORMATION
fixed length control field 070905s2004 enka b 001 0 eng d
010 ## - LIBRARY OF CONGRESS CONTROL NUMBER
LC control number 2007310534
015 ## - NATIONAL BIBLIOGRAPHY NUMBER
National bibliography number GBA4Z9719
Source bnb
016 7# - NATIONAL BIBLIOGRAPHIC AGENCY CONTROL NUMBER
Record control number 006942292
Source Uk
020 ## - INTERNATIONAL STANDARD BOOK NUMBER
International Standard Book Number 0324203047 x
020 ## - INTERNATIONAL STANDARD BOOK NUMBER
International Standard Book Number 9780324203042 x
035 ## - SYSTEM CONTROL NUMBER
System control number (OCoLC)ocm55627973
080 ## - UNIVERSAL DECIMAL CLASSIFICATION NUMBER
Universal Decimal Classification number 658(036) M-31
100 1# - MAIN ENTRY--PERSONAL NAME
Personal name Marconi, Joe.
9 (RLIN) 692
245 10 - TITLE STATEMENT
Title Public relations :
Remainder of title the complete guide /
Statement of responsibility, etc. Joe Marconi.
260 ## - PUBLICATION, DISTRIBUTION, ETC.
Place of publication, distribution, etc. Mason, Ohio :
Name of publisher, distributor, etc. South-Western ;
Place of publication, distribution, etc. [S.l.] :
Name of publisher, distributor, etc. American Marketing Association,
Date of publication, distribution, etc. c2004.
300 ## - PHYSICAL DESCRIPTION
Extent 386 p. :
Other physical details ill. ;
Dimensions 24 cm.
504 ## - BIBLIOGRAPHY, ETC. NOTE
Bibliography, etc. note Includes bibliographical references (p. 377-378) and index.
650 #0 - SUBJECT ADDED ENTRY--TOPICAL TERM
Topical term or geographic name entry element Public relations.
9 (RLIN) 693
650 #0 - SUBJECT ADDED ENTRY--TOPICAL TERM
Topical term or geographic name entry element Corporations
General subdivision Public relations.
9 (RLIN) 694
653 ## - INDEX TERM--UNCONTROLLED
keyword საზოგადოება
653 ## - INDEX TERM--UNCONTROLLED
keyword მართვა
906 ## - LOCAL DATA ELEMENT F, LDF (RLIN)
a 7
b cbc
c copycat
d 2
e ncip
f 20
g y-gencatlg
942 ## - ADDED ENTRY ELEMENTS (KOHA)
Source of classification or shelving scheme
Koha item type წიგნი
ეგზემპლარები
Withdrawn status Lost status Source of classification or shelving scheme Damaged status Not for loan Permanent Location Current Location Shelving location Date acquired Cost, normal purchase price Full call number Barcode Date last seen Copy number Price effective from Koha item type Public note
          ბათუმის შოთა რუსთაველის სახელმწიფო უნივერსიტეტის მთავარი ბიბლიოთეკა ბათუმის შოთა რუსთაველის სახელმწიფო უნივერსიტეტის მთავარი ბიბლიოთეკა წიგნსაცავი 2018-12-17 40.00 658(036) M-31 4110 2018-12-17 4110 2018-12-17 წიგნი 40 ლ.
          ბათუმის შოთა რუსთაველის სახელმწიფო უნივერსიტეტის მთავარი ბიბლიოთეკა ბათუმის შოთა რუსთაველის სახელმწიფო უნივერსიტეტის მთავარი ბიბლიოთეკა წიგნსაცავი 2019-05-03 40.00 658(036) M-31 2606 2019-05-03 2606 2019-05-03 წიგნი 40 ლ.